Wettbewerbsvorteile durch Integration in Produktionsunternehmen

Na minha lista:
Detalhes bibliográficos
Formato: Livro
Idioma:alemão
Publicado em: Berlin Springer 1988
Edição:1. Aufl.
Tags: Adicionar Tag
Sem tags, seja o primeiro a adicionar uma tag!

MARC

LEADER 00000nam a2200000 4500
001 c033647
005 20240223093336.2
041 0 |a ger 
044 |a DE 
245 1 0 |a Wettbewerbsvorteile durch Integration in Produktionsunternehmen  |c Red. J. Milberg 
250 |a 1. Aufl. 
264 1 |a Berlin  |b Springer  |c 1988 
300 |a 346 s.  |e 24 s. príl.